Statystyki dla Drużyny, które kiedykolwiek grały w Premier League

Kliknij tutaj aby rozwiązać quiz!

Ogólne statystyki

  • Ten quiz został rozwiązany 8 173 razy
    (3 471 od ostatniego zresetowania)
  • Średni wynik to 27 z 51

Statystyki odpowiedzi

Drużyna% Poprawnych
Manchester City
97%
Manchester United
97%
Arsenal
93%
Liverpool
92%
Chelsea
91%
Tottenham Hotspur
83%
Aston Villa
80%
Everton
75%
West Ham United
75%
Newcastle United
74%
Leicester City
72%
Brighton & Hove Albion
70%
Luton Town
70%
Wolverhampton Wanderers
67%
Southampton
64%
Nottingham Forest
63%
Leeds United
62%
Burnley
61%
Fulham
61%
Birmingham City
58%
Crystal Palace
58%
Norwich City
56%
Sheffield United
55%
Swansea City
55%
Bournemouth
54%
Sunderland
53%
Brentford
52%
Blackburn Rovers
51%
West Bromwich Albion
49%
Cardiff City
48%
Hull City
47%
Derby County
43%
Queens Park Rangers
43%
Watford
42%
Stoke City
40%
Bolton Wanderers
37%
Ipswich Town
35%
Portsmouth
34%
Middlesbrough
33%
Huddersfield Town
31%
Sheffield Wednesday
30%
Wigan Athletic
30%
Blackpool
29%
Coventry City
29%
Reading
26%
Wimbledon
24%
Barnsley
23%
Charlton Athletic
22%
Bradford City
14%
Oldham Athletic
11%
Swindon Town
11%

Rozkład punktacji

Percentyl według liczby udzielonych odpowiedzi

Procent ludzi z każdym wynikiem

Twoja historia wyników

Nie rozwiązałeś tego quizu od ostatniego zresetowania